| 000 | 00604nam a22002177a 4500 | ||
|---|---|---|---|
| 005 | 20240108121702.0 | ||
| 010 | _aENG-138826 | ||
| 020 |
_c199.00 _a9789355361103 |
||
| 035 | _aEN-122358 | ||
| 037 | _bDBAD/PUB | ||
| 082 |
_aS _2FIRST |
||
| 100 |
_aGeyi, Goken _960732 |
||
| 245 | _aThe Cucumber Thief / | ||
| 250 | _a1 | ||
| 260 |
_aJaipur (Rajasthan) _bBodhi Prakashan |
||
| 270 |
_bJaipur _aC-46, Sudarshanpura Industrial Area Ext. 22 Godam _e302006 |
||
| 300 |
_a99p. _c22 cm(pbk) |
||
| 700 |
_aKejriwal, Mona _960728 |
||
| 710 |
_aRoma Chatterjee _eEditor _959600 |
||
| 942 |
_2ddc _cEN _hs _mGEY |
||
| 999 |
_c200020 _d200020 |
||